000
00302pam a2200121 a 4500
020
_a
0-7069-0915-1
_c
041
_h
082
_a
658.4032
_b
KOT
100
_a
DHAYAGUDE M.G.,
245
_a
QUANTITATIVE TECHNIQUES
_h
Textual Documents
260
_a
PUNE
_b
EVEREST PUBLISHING HOUSE
_c
1995
930
_a
12573
999
_c
132000
_d
132000